[Event "Senta op 19th"]
[Site "Senta"]
[Date "2015.07.12"]
[Round "2"]
[White "Csikos, Mihaly"]
[Black "Nestorovic, Dejan"]
[Result "0-1"]
[WhiteElo "2064"]
[BlackElo "2408"]
[PlyCount "148"]
[EventDate "2015.07.11"]
[EventType "swiss"]
[EventRounds "9"]
[EventCountry "SRB"]
[SourceTitle "EXT 2016"]
[Source "ChessBase"]
[SourceDate "2015.10.08"]
[SourceVersion "1"]
[SourceVersionDate "2015.10.08"]
[SourceQuality "1"]

1. e4 c5 2. Nf3 e6 3. d4 cxd4 4. Nxd4 a6 5. Nc3 Qc7 6. g3 Bb4 7. Nde2 Nf6 8. Bg2 Nc6 9. 0-0 Be7 10. Nf4 0-0 11. Be3 d6 12. Na4 Nd7 13. Nd3 b5 14. Nc3 Bb7 15. f4 Na5 16. Qe2 Nc4 17. Nd1 e5 18. c3 Rfe8 19. f5 d5 20. exd5 Nf6 21. b3 Nxe3 22. Nxe3 Qxc3 23. Kh1 e4 24. Nf4 Bc5 25. Ng4 Nxg4 26. Qxg4 Qe5 27. Rae1 e3 28. Nd3 Qd4 29. Qxd4 Bxd4 30. Rf4 Bc3 31. Re2 Rad8 32. Re4 Bd2 33. Rd4 Bc8 34. g4 Rd6 35. Nc5 Bc1 36. Nd3 Bd2 37. Nc5 Bc1 38. Nd3 Ba3 39. b4 h5 40. h3 hxg4 41. hxg4 g6 42. Re4 Red8 43. fxg6 Rxg6 44. R4xe3 Bxg4 45. Rf2 Rg7 46. Rf4 Bh5 47. Rd4 Bg6 48. Be4 Rh7+ 49. Kg2 Rh4 50. Kf3 Rd6 51. Nf4 Bc1 52. Bxg6 Bxe3 53. Bxf7+ Kxf7 54. Kxe3 Rh2 55. Ne2 Rdh6 56. Rf4+ Ke8 57. Nd4 Rxa2 58. Ne6 Rb2 59. Rd4 Rh3+ 60. Ke4 Rh4+ 61. Nf4 Kd7 62. Ke5 Rb1 63. Re4 Rb3 64. Kf6 Rf3 65. Kg5 Rh1 66. Kf6 Rhf1 67. Kg5 Rc3 68. Kf5 Rc4 69. Ke5 Rxe4+ 70. Kxe4 Kd6 71. Nd3 Rh1 72. Nc5 Rh4+ 73. Kd3 Kxd5 74. Nxa6 Rh3+ 0-1